Learning in the early years, 3-7 /

Bibliographic Details
Other Authors: Riley, Jeni
Format: Book
Language:English
Published: Los Angeles : SAGE Publications, 2007.
Edition:2nd ed.
Subjects:

MARC

Tag First Indicator Second Indicator Subfields
LEADER 00000cam a2200000 a 4500
001 in00002339828
005 20151108050351.0
008 061213s2007 caua 001 0 eng
020 |a 9781412929950 (pbk.) 
020 |a 1412929954 (pbk.) 
020 |a 1412929946 (hbk.) 
020 |a 9781412929943 (hbk.) 
035 |a (OCoLC)ocn166313996 
040 |a UKM  |c UKM  |d BWK  |d TXA  |d UtOrBLW 
049 |a TXAM 
082 0 |a 372.21  |2 22 
090 |a LB1139.4  |b .L43 2007 
245 0 0 |a Learning in the early years, 3-7 /  |c edited by Jeni Riley. 
250 |a 2nd ed. 
264 1 |a Los Angeles :  |b SAGE Publications,  |c 2007. 
300 |a xxxi, 256 pages :  |b illustrations ;  |c 24 cm. 
336 |a text  |b txt  |2 rdacontent 
337 |a unmediated  |b n  |2 rdamedia 
338 |a volume  |b nc  |2 rdacarrier 
500 |a Previous edition: London : Paul Chapman, 2003. 
504 |a Includes bibliographical references and index. 
650 0 |a Early childhood education. 
700 1 |a Riley, Jeni. 
945 |a PromptCat 
946 |a stk 
947 |a A14836477876 
948 |a cataloged  |b h  |c 2007/11/2  |d c  |e dmitchel  |f 11:30:20 am 
994 |a C0  |b TXA 
999 |a MARS 
999 f f |s 634448d8-4b93-3e46-805e-5b91dffdf044  |i 09468c16-e24d-3a53-b52a-aca0db72b34f  |t 0 
952 f f |p normal  |a Texas A&M University  |b College Station  |c Sterling C. Evans Library  |d Evans: Library Stacks  |t 0  |e LB1139.4 .L43 2007  |h Library of Congress classification  |i unmediated -- volume  |m A14836477876 
998 f f |a LB1139.4 .L43 2007  |t 0  |l Evans: Library Stacks